000 02384cam a22003738i 4500
001 21606906
003 OSt
005 20250115095547.0
008 200710s2020 enk b 001 0 eng
010 _a 2020018533
020 _a9781138200296
_q(hardback)
020 _a9781138200302
_q(paperback)
020 _z9781315514772
_q(ebook)
040 _aDLC
_beng
_erda
_cDLC
042 _apcc
050 0 0 _aP306
_b.O46 2020
082 0 0 _a2021
_2DC 418.0201
_bOl7
100 1 _aOlohan, Maeve,
_eauthor.
_944460
245 1 0 _aTranslation and practice theory/
_cMaeve Olohan.
263 _a2010
264 1 _aNew York:
_bRoutledge,
_c©2021.
300 _aviii, 154 pages;
_c23 cm.
336 _atext
_btxt
_2rdacontent
337 _aunmediated
_bn
_2rdamedia
338 _avolume
_bnc
_2rdacarrier
490 0 _aTranslation theories explored
500 _aIncludes bibliographical references and index.
520 _a"Translation and Practice Theory is a timely and theoretically innovative study linking professional practice and translation theory, showing the usefulness of a practice-theoretical approach in addressing some of the challenges that the professional world of translation is currently facing, including, for example, the increasing deployment of machine translation. Focusing on the key aspects of translation practices, Olohan provides the reader with an in-depth understanding of how those practices are performed, as translators interact with people, technologies and other material resources in the translation workplace. The practice-theoretical perspective helps to describe and explain the socio-material complexities of present-day translation practice but also offers a productive approach for studies of translation and interpreting practices in other settings and periods. This first book-length exploration of translation through the lens of practice theory is key reading for advanced students and researchers of Translation Theory. It will also be of interest in the area of professional communication within Communication Studies and Applied Linguistics"--
_cProvided by publisher.
650 0 _aTranslating and interpreting.
_944461
650 0 _aTranslating and interpreting
_xSocial aspects.
_944462
906 _a7
_bcbc
_corignew
_d1
_eecip
_f20
_gy-gencatlg
942 _2ddc
_cDC
999 _c16662
_d16662